Statystyki dla Piłka nożna quiz #30 - Reprezentacje na Euro 2020

Kliknij tutaj aby rozwiązać quiz!

Ogólne statystyki

  • Ten quiz został rozwiązany 132 razy
    (36 od ostatniego zresetowania)
  • Średni wynik to 20 z 24

Statystyki odpowiedzi

Grupa A% Poprawnych
Francja
100%
Polska
100%
Hiszpania
97%
Włochy
97%
Anglia
94%
Portugalia
94%
Szwecja
94%
Ukraina
91%
Holandia
88%
Niemcy
88%
Słowacja
88%
Szwajcaria
88%
Belgia
84%
Chorwacja
84%
Dania
84%
Szkocja
84%
Węgry
81%
Czechy
78%
Rosja
78%
Austria
75%
Turcja
75%
Walia
75%
Finlandia
66%
Macedonia Północna
53%

Rozkład punktacji

Percentyl według liczby udzielonych odpowiedzi

Procent ludzi z każdym wynikiem

Twoja historia wyników

Nie rozwiązałeś tego quizu od ostatniego zresetowania